00293nam a2200121Ia 4500008004100000041000800041082001700049100001700066245001800083260002700101300003200128365001100160240624s9999 xx 000 0 und d aeng a658.4038 ALL aALLEN SEAN T aSTORM APPLIED c2015aNew DelhibWiley axxiv, : 254 : p. : cm. ; 26 cRSb33